(Record no. 185998)
[ view plain ]
| 000 -CABECERA | |
|---|---|
| campo de control de longitud fija | 01293nam a2200205Ia 4500 |
| 001 - NÚMERO DE CONTROL | |
| campo de control | IA_The main purpose of the staying was to promote the industrialization of pineapple grown in that area, as well to propose preventive actions to contribute to the continuous improvement and promote productivity of craft liquor "DON JOSÉ" company, through the activities which were focused on the prevention of pests and diseases in pineapple cultivation, highlighting the importance of good practices at postharvest pineapple Implementation of good manufacturing practices, standardization and development of fruit liqueurs and perform a proposal for facilities and equipment for the process. |
| 008 - DATOS DE LONGITUD FIJA--INFORMACIÓN GENERAL | |
| campo de control de longitud fija | 220117s xx 000 0 und d |
| 010 ## - NÚMERO DE CONTROL DE LA BIBLIOTECA DEL CONGRESO | |
| Número de control de LC | 185998 |
| 530 ## - NOTA DE FORMATO FÍSICO ADICIONAL DISPONIBLE | |
| Nota de formato físico adicional disponible | Disponible en PDF |
| 650 ## - PUNTO DE ACCESO ADICIONAL DE MATERIA--TÉRMINO DE MATERIA | |
| Término de materia o nombre geográfico como elemento de entrada | Estándares de calidad de un producto |
| 9 (RLIN) | 153632 |
| 650 ## - PUNTO DE ACCESO ADICIONAL DE MATERIA--TÉRMINO DE MATERIA | |
| Término de materia o nombre geográfico como elemento de entrada | Licores |
| Subdivisión general | Ananas comosus |
| 9 (RLIN) | 160939 |
| 650 ## - PUNTO DE ACCESO ADICIONAL DE MATERIA--TÉRMINO DE MATERIA | |
| Término de materia o nombre geográfico como elemento de entrada | Liqueurs |
| Subdivisión general | Ananas comosus |
| 9 (RLIN) | 160940 |
| 650 ## - PUNTO DE ACCESO ADICIONAL DE MATERIA--TÉRMINO DE MATERIA | |
| Término de materia o nombre geográfico como elemento de entrada | Product quality standards |
| 9 (RLIN) | 153635 |
| 700 ## - PUNTO DE ACCESO ADICIONAL--NOMBRE DE PERSONA | |
| Nombre de persona | Leyva Ruelas, Gabriel, asesor |
| 9 (RLIN) | 163711 |
| 700 ## - PUNTO DE ACCESO ADICIONAL--NOMBRE DE PERSONA | |
| Nombre de persona | Rivera Salvador, Víctor, asesor |
| 9 (RLIN) | 163770 |
| 700 ## - PUNTO DE ACCESO ADICIONAL--NOMBRE DE PERSONA | |
| Nombre de persona | Sandoval Castilla, Ofelia, dir. |
| 9 (RLIN) | 150466 |
| 942 ## - ELEMENTOS DE PUNTO DE ACCESO ADICIONAL (KOHA) | |
| Tipo de ítem Koha | |
No items available.
